00310nam a2200121Ia 4500003000400000008004100004040001600045082002200061245002800083260006100111300001100172490000500183GCL140319s9999 xx 000 0 ara d aGCL / cGCL04a658.913321bم ا10aادارة البنوك a[S.N] : bمؤسسة شباب الجامعة ، c1989 a481 ص a